| 000 | 00953nam a22002657a 4500 | ||
|---|---|---|---|
| 999 |
_c12617 _d12617 |
||
| 003 | EG-ScBUE | ||
| 005 | 20210124092308.0 | ||
| 008 | 090818s2003 ua f 000 f ara d | ||
| 017 | _a2003/13719 | ||
| 020 | _a9770187097 | ||
| 040 |
_aEG-ScBUE _bara _erda _cEG-ScBUE _dEG-ScBUE |
||
| 082 | 0 | 4 |
_a892.736 _bأ م ي _222 |
| 100 | 1 |
_aأمين، نورا، _d1970- _eمؤلف. |
|
| 245 | 1 | 2 |
_aالوفاة الثانية لرجل الساعات : _bرواية / _cنورا أمين. |
| 264 | 1 |
_aالقاهرة : _bالهيئة المصرية العامة للكتاب، _c2003. |
|
| 300 |
_a183 صفحة ؛ _c20 سم. |
||
| 336 |
_2rdacontent _aنص _btxt |
||
| 337 |
_2rdamedia _aبدون وسيط _bn |
||
| 338 |
_2rdacarrier _aمجلد _bnc |
||
| 490 | _aسلسة إبداع المرأة | ||
| 650 | 7 |
_98502 _aالقصص العربية _zمصر _yقرن 21. _2BUEsh |
|
| 653 |
_bARALIT _cJanuary2021 |
||
| 655 |
_vReading book _934232 |
||
| 942 |
_2ddc _cBB |
||